Normale Ansicht MARC-Ansicht ISBD

Golos iz tolpy (Titelsatznr. 57663)

[ MARC ]
MARC-Details
000 -Satzkennung
Kontrollfeld mit fester Länge 00710nam a22002653u 4500
001 - Kontrollnummer
Kontrollfeld DHIM1632231986
003 - Kontrollnummer Identifier
Kontrollfeld RU-10907106
005 - Datum und Zeit der letzten Transaktion
Kontrollfeld 20210929154931.0
007 - Feld mit fester Länge zur physischen Beschreibung - Allgemeine Information
Kontrollfeld mit fester Länge t
008 - Feld mit fester Länge zur physischen Beschreibung - Allgemeine Angaben
Kontrollfeld mit fester Länge 202109b2021 ||||| |||| 00| u rus d
020 ## - Internationale Standardbuchnummer
Internationale Standardbuchnummer 978-5-4448-1523-6
040 ## - Katalogisierungsquelle
Original-Katalogisierungsstelle RU-10907106
Katalogisierungssprache ger
Übertragungsstelle RU-10907106
041 ## - Sprachcode
Sprachcode des Textes/der Tonspur oder des separaten Titels rus
100 ## - Haupteintragung - Personenname
Funktionsbezeichnungscode aut
Personenname Tjuev, Vjačeslav Ivanovič
Funktionsbezeichnung VerfasserIn
245 ## - Titel
Titel Golos iz tolpy
Zusatz zum Titel dnevnikovye zapisi
264 #1 - Produktion, Veröffentlichung, Distribution, Herstellung und Urheberrechtsvermerk
Herstellungs-, Veröffentlichungs- Vertriebs-, Erzeugungsort Moskva :
Produzent, Herausgeber, Distributor, Hersteller Novoe literaturnoe obozrenie,
Datum der Herstellung, der Veröffentlichung, des Vertriebs oder des Urheberschutzvermerks 2021.
300 ## - Physische Beschreibung
Umfang 205 Seiten
490 ## - Gesamttitelangabe
Gesamttitelangabe Rossija v memuarach
648 ## - Nebeneintragung unter einem Schlagwort - Zeitschlagwort
Zeitschlagwort 1951-1970
650 ## - Nebeneintragung unter einem Schlagwort - Sachschlagwort
Sachschlagwort oder geografischer Name als Eintragungselement Alltag
651 ## - Nebeneintragung unter einem Schlagwort - Geografischer Name
Geografischer Name Sowjetunion
653 ## - Indexierungsterm - Nicht normiert
Nicht-normierter Term Tjuev, Vjačeslav Ivanovič
655 ## - Indexierungsterm - Genre/Form
Genre/Form oder fokussierter Term Tagebuch
942 ## - Zusätzliche Felder (Koha)
Klassifikation oder Aufstellungssystematik Andere/Generische Klassifikation
Koha-Medientyp Monographien
Exemplare
Ausgeschieden Verloren Klassifikation oder Aufstellungssystematik Beschädigt Nicht entleihbar Heimatbibliothek Aufenthaltsbibliothek Aufstellungsort Erwerbungsdatum Inventarnummer Signatur Barcode Letzte Aktivität Preis gültig von Koha-Medientyp
    Andere/Generische Klassifikation     MWN Osteuropa MWN Osteuropa Magazin - 2 21/09/2021 21-01581 R 64 k Tju 2 E00401082D371B15 21/09/2021 21/09/2021 Monographien